书目信息 |
| 题名: |
什么指挥我
|
|
| 作者: | 温斯顿 著 ;中国科学技术协会青少年科技中心 组织编译 | |
| 分册: | ||
| 出版信息: | 北京 科学普及出版社 2012 |
|
| 页数: | 95页 | |
| 开本: | 24cm | |
| 丛书名: | ||
| 单 册: | ||
| 中图分类: | R338.2 | |
| 科图分类: | ||
| 主题词: | 大脑--da nao--少年读物 | |
| 电子资源: | ||
| ISBN: | 978-7-110-07377-3 | |
| 000 | 01328nam0 22002891 450 | |
| 001 | 1759762441 | |
| 005 | 20170605165351.71 | |
| 010 | @a978-7-110-07377-3@dCNY29.90 | |
| 100 | @a20121207d2012 cemy0chiy50 ea | |
| 101 | 1 | @achi@ceng |
| 102 | @aCN@b110000 | |
| 105 | @aa z 000yy | |
| 106 | @ar | |
| 200 | 1 | @a什么指挥我@Ashen me zhi hui wo@f(英)罗伯特·温斯顿著@g中国科学技术协会青少年科技中心组织编译 |
| 205 | @a2版 | |
| 210 | @a北京@c科学普及出版社@d2012 | |
| 215 | @a95页@c彩图@d24cm | |
| 300 | @aDK 有趣的科学—有趣的大脑 全民科学素质行动计划纲要书系 中国科协科普资助项目 | |
| 312 | @a封面英文题名:What goes on in my head? | |
| 330 | @a是什么让我们微笑?为什么会做梦?眼见为实是对的吗?大脑是你身体中复杂、神秘的器官。大脑中包含有超过1000亿个脑细胞,而每一个脑细胞则又与另外1万个脑细胞相连。每秒有十亿个电信号在这些神经元中以400千米/小时的高速传输着!感觉、记忆、性格、触觉、视觉、运动、交流、思维、情绪、数字……所有这些你都能从本书中找到来龙去脉。 | |
| 510 | 1 | @aWhat goes on in my head?@zeng |
| 606 | 0 | @a大脑@Ada nao@j少年读物 |
| 690 | @aR338.2@v5 | |
| 701 | 1 | @c(英)@a温斯顿@Awen si dun@b罗伯特@4著 |
| 712 | 02 | @a中国科学技术协会青少年科技中心@Azhong guo ke xue ji shu xie hui qing shao nian ke ji zhong xin@4组织编译 |
| 801 | 0 | @aCN@bTANGWEI@c20170517 |
| 905 | @b1007190-5@dR338.2@e276=2@f6 | |
| 什么指挥我/(英)罗伯特·温斯顿著/中国科学技术协会青少年科技中心组织编译 .-2版.-北京:科学普及出版社,2012 |
| 95页:彩图;24cm |
| DK 有趣的科学—有趣的大脑 全民科学素质行动计划纲要书系 中国科协科普资助项目 |
| ISBN 978-7-110-07377-3:CNY29.90 |
| 是什么让我们微笑?为什么会做梦?眼见为实是对的吗?大脑是你身体中复杂、神秘的器官。大脑中包含有超过1000亿个脑细胞,而每一个脑细胞则又与另外1万个脑细胞相连。每秒有十亿个电信号在这些神经元中以400千米/小时的高速传输着!感觉、记忆、性格、触觉、视觉、运动、交流、思维、情绪、数字……所有这些你都能从本书中找到来龙去脉。 |
| ● |
| 相关链接 |
|
|
|
|
正题名:什么指挥我
索取号:R338.2/276=2
 
预约/预借
| 序号 | 登录号 | 条形码 | 馆藏地/架位号 | 状态 | 备注 |
| 1 | 1007190 | 210071900 | 第二样本阅览室/ [索取号:R338.2/276=2] | 在馆 | |
| 2 | 1007191 | 210071919 | 教育系资料室/ [索取号:R338.2/276=2] | 在馆 | |
| 3 | 1007192 | 210071928 | 教育系资料室/ [索取号:R338.2/276=2] | 在馆 | |
| 4 | 1007193 | 210071937 | 教育系资料室/ [索取号:R338.2/276=2] | 在馆 | |
| 5 | 1007194 | 210071946 | 第三借阅区/ [索取号:R338.2/276=2] | 在馆 | |
| 6 | 1007195 | 210071955 | 第三借阅区/ [索取号:R338.2/276=2] |
已借出,限还日期为2018.11.27 借出人:张 蕾 |